[Event "Sydney op"]
[Site "Parramatta"]
[Date "2012.04.11"]
[Round "2"]
[White "Rej, Tomek"]
[Black "Horvath, Adam"]
[Result "0-1"]
[WhiteElo "2265"]
[BlackElo "2487"]
[PlyCount "110"]
[EventDate "2012.04.11"]
[EventType "swiss"]
[EventRounds "9"]
[EventCountry "AUS"]
[SourceTitle "CBM 148 Extra"]
[Source "ChessBase"]
[SourceDate "2012.06.22"]
[SourceVersion "1"]
[SourceVersionDate "2012.06.22"]
[SourceQuality "1"]

1. d4 Nf6 2. c4 e6 3. Nc3 Bb4 4. e3 b6 5. Bd3 Bb7 6. Nf3 Ne4 7. Qc2 Bxc3+ 8. bxc3 f5 9. 0-0 0-0 10. Nd2 Qh4 11. f3 Ng5 12. e4 fxe4 13. Nxe4 Nxe4 14. Bxe4 Bxe4 15. Qxe4 Qxe4 16. fxe4 Nc6 17. Bf4 Na5 18. c5 Rac8 19. Rab1 Nc4 20. Rb4 d5 21. exd5 exd5 22. Rbb1 c6 23. g3 h6 24. h4 Rf5 25. Rbe1 Rcf8 26. Re6 Nd2 27. Rf2 Ne4 28. Rb2 bxc5 29. dxc5 Nxc5 30. Rxc6 Nd3 31. Rg2 Kh7 32. Rc7 Nxf4 33. gxf4 R8f7 34. Rxf7 Rxf7 35. Rf2 Kg6 36. Kg2 Kf5 37. Rd2 Kg4 38. Rxd5 Kxh4 39. Kf3 g5 40. f5 Kh3 41. Ke4 Kg4 42. Rd6 h5 43. f6 h4 44. Ke5 h3 45. Ke6 h2 46. Rd1 Rf8 47. Ke7 Rh8 48. f7 Kf3 49. c4 g4 50. c5 g3 51. Rh1 g2 52. Rxh2 g1Q 53. Rxh8 Qxc5+ 54. Ke6 Qc4+ 55. Ke7 Qb4+ 0-1

[Event "Haarlem BDO-B"]
[Site "Haarlem"]
[Date "2010.08.25"]
[Round "5"]
[White "Rej, Tomek"]
[Black "Bosboom, Manuel"]
[Result "0-1"]
[WhiteElo "2334"]
[BlackElo "2455"]
[PlyCount "80"]
[EventDate "2010.08.21"]
[EventType "tourn"]
[EventRounds "9"]
[EventCountry "NED"]
[EventCategory "4"]
[SourceTitle "CBM 138 Extra"]
[Source "ChessBase"]
[SourceDate "2010.10.29"]
[SourceVersion "1"]
[SourceVersionDate "2010.10.29"]
[SourceQuality "1"]

1. d4 g6 2. e4 c6 3. Nc3 b5 4. a3 a6 5. Nf3 Bg7 6. Be2 d6 7. 0-0 Nd7 8. Bf4 e5 9. dxe5 dxe5 10. Be3 Qe7 11. Qd2 Ngf6 12. Rad1 Bb7 13. Qd6 Qxd6 14. Rxd6 Bf8 15. Rd2 Be7 16. Rfd1 h6 17. h3 a5 18. Bf1 0-0-0 19. g3 Kc7 20. Bg2 g5 21. Ne1 Nc5 22. Nd3 Nxd3 23. cxd3 Nd7 24. d4 Nb6 25. Rc2 Kb8 26. d5 Nc4 27. dxc6 Rxd1+ 28. Nxd1 Bxc6 29. b3 Rd8 30. bxc4 Rxd1+ 31. Kh2 b4 32. axb4 Bxb4 33. Bf3 Rb1 34. Be2 Rh1+ 35. Kxh1 Bxe4+ 36. Kg1 Bxc2 37. Bc1 a4 38. Bb2 f6 39. f4 a3 40. Ba1 Bc5+ 0-1

[Event "Haarlem BDO-B"]
[Site "Haarlem"]
[Date "2010.08.23"]
[Round "3"]
[White "Rej, Tomek"]
[Black "De Wit, Tex"]
[Result "0-1"]
[WhiteElo "2334"]
[BlackElo "2268"]
[PlyCount "36"]
[EventDate "2010.08.21"]
[EventType "tourn"]
[EventRounds "9"]
[EventCountry "NED"]
[EventCategory "4"]
[SourceTitle "CBM 138 Extra"]
[Source "ChessBase"]
[SourceDate "2010.10.29"]
[SourceVersion "1"]
[SourceVersionDate "2010.10.29"]
[SourceQuality "1"]

1. d4 d6 2. c4 e5 3. d5 g6 4. Nc3 f5 5. e4 Nf6 6. Bd3 Bg7 7. Qc2 fxe4 8. Nxe4 Nxe4 9. Bxe4 0-0 10. Be3 Nd7 11. h3 Nf6 12. g4 Nxe4 13. Qxe4 c5 14. Nf3 b5 15. Nd2 bxc4 16. Nxc4 Rb8 17. 0-0 Qh4 18. Kg2 Bf5 0-1

[Event "Haarlem BDO-B"]
[Site "Haarlem"]
[Date "2010.08.21"]
[Round "1"]
[White "Manea, Alexandru"]
[Black "Rej, Tomek"]
[Result "1-0"]
[WhiteElo "2390"]
[BlackElo "2334"]
[PlyCount "127"]
[EventDate "2010.08.21"]
[EventType "tourn"]
[EventRounds "9"]
[EventCountry "NED"]
[EventCategory "4"]
[SourceTitle "CBM 138 Extra"]
[Source "ChessBase"]
[SourceDate "2010.10.29"]
[SourceVersion "1"]
[SourceVersionDate "2010.10.29"]
[SourceQuality "1"]

1. d4 Nf6 2. c4 e6 3. Nf3 d5 4. Nc3 Be7 5. Bf4 0-0 6. e3 c5 7. dxc5 Bxc5 8. a3 Nc6 9. b4 Bd6 10. Bxd6 Qxd6 11. Be2 Rd8 12. 0-0 b6 13. cxd5 Nxd5 14. Nxd5 Qxd5 15. Qxd5 Rxd5 16. Rfd1 Bb7 17. Rxd5 exd5 18. Rc1 Rc8 19. Kf1 Ne7 20. Rxc8+ Bxc8 21. Nd4 Bd7 22. Ke1 Nf5 23. Nb5 Bxb5 24. Bxb5 Kf8 25. Bd3 Nh4 26. g3 Nf3+ 27. Ke2 Ne5 28. Bc2 Ke7 29. h3 h6 30. Bb3 Kd6 31. f4 Nc4 32. a4 a5 33. Kd3 Na3 34. bxa5 bxa5 35. Kd4 f6 36. h4 g6 37. g4 g5 38. fxg5 fxg5 39. h5 Nb1 40. Bxd5 Nd2 41. Bg2 Nb3+ 42. Kc4 Nc5 43. Kb5 Nb3 44. Be4 Nd2 45. Bd3 Nb3 46. Be2 Ke5 47. Bd1 Nd2 48. Kxa5 Nc4+ 49. Kb4 Nxe3 50. Bf3 Kf4 51. Be2 Nd5+ 52. Kb3 Ke3 53. Bb5 Kd4 54. a5 Kc5 55. Be2 Nf4 56. Bc4 Ng2 57. a6 Kb6 58. Kc3 Ne3 59. Be2 Nxg4 60. Bxg4 Kxa6 61. Kd4 Kb6 62. Ke5 Kc7 63. Kf6 Kd8 64. Kf7 1-0

[Event "Negroponte op"]
[Site "Chalkis"]
[Date "2010.08.15"]
[Round "7"]
[White "Romanishin, Oleg M"]
[Black "Rej, Tomek"]
[Result "1-0"]
[WhiteElo "2544"]
[BlackElo "2334"]
[PlyCount "105"]
[EventDate "2010.08.09"]
[EventType "swiss"]
[EventRounds "9"]
[EventCountry "GRE"]
[SourceTitle "CBM 137 Extra"]
[Source "ChessBase"]
[SourceDate "2010.09.01"]
[SourceVersion "1"]
[SourceVersionDate "2010.09.01"]
[SourceQuality "1"]

1. Nf3 Nf6 2. g3 e6 3. Bg2 d5 4. 0-0 Be7 5. c4 0-0 6. d4 dxc4 7. Qc2 a6 8. a4 Bd7 9. Qxc4 Bc6 10. Bg5 Bd5 11. Qd3 c5 12. Nc3 Bc6 13. Rfd1 cxd4 14. Nxd4 Bxg2 15. Kxg2 Nc6 16. Nxc6 bxc6 17. Qc4 Qb6 18. Rd2 Rfd8 19. Rad1 Rxd2 20. Rxd2 h6 21. Bxf6 Bxf6 22. Ne4 Bxb2 23. a5 Qb8 24. Qxc6 Ba3 25. Nd6 Bxd6 26. Rxd6 Qc8 27. Qxc8+ Rxc8 28. Rxa6 Rc2 29. Kf3 Ra2 30. h4 h5 31. Ra8+ Kh7 32. a6 g6 33. Ke3 Kg7 34. Kd3 Kf6 35. f3 Ke5 36. Kc4 Rxe2 37. Rf8 Ra2 38. Kb5 f5 39. f4+ Kd6 40. Rg8 Rb2+ 41. Ka5 Rb3 42. a7 Ra3+ 43. Kb6 Rb3+ 44. Ka6 Ra3+ 45. Kb7 Rb3+ 46. Kc8 Rc3+ 47. Kd8 Ra3 48. Rg7 Ra2 49. Rd7+ Kc6 50. Ke7 Ra3 51. Kxe6 Kc5 52. Ke7 Kc6 53. Kd8 1-0

[Event "Negroponte op"]
[Site "Chalkis"]
[Date "2010.08.13"]
[Round "5"]
[White "Graf, Alexander"]
[Black "Rej, Tomek"]
[Result "1-0"]
[WhiteElo "2590"]
[BlackElo "2334"]
[PlyCount "59"]
[EventDate "2010.08.09"]
[EventType "swiss"]
[EventRounds "9"]
[EventCountry "GRE"]
[SourceTitle "CBM 137 Extra"]
[Source "ChessBase"]
[SourceDate "2010.09.01"]
[SourceVersion "1"]
[SourceVersionDate "2010.09.01"]
[SourceQuality "1"]

1. d4 Nf6 2. c4 e6 3. Nc3 Bb4 4. e3 c5 5. Nf3 d5 6. cxd5 Nxd5 7. Qc2 Nc6 8. Be2 0-0 9. 0-0 cxd4 10. exd4 Nf6 11. Rd1 Be7 12. a3 b6 13. d5 exd5 14. Ng5 Be6 15. Bf3 Rc8 16. Bxd5 Nb4 17. axb4 Bxd5 18. Qf5 g6 19. Qh3 h5 20. Nxd5 Nxd5 21. Ne6 fxe6 22. Qxe6+ Kg7 23. Rxd5 Qc7 24. Bd2 Rcd8 25. Rc1 Qb7 26. Rc6 Rxd5 27. Qxg6+ Kh8 28. Qh6+ Kg8 29. Qe6+ Kg7 30. Bc3+ 1-0

[Event "Negroponte op"]
[Site "Chalkis"]
[Date "2010.08.11"]
[Round "3"]
[White "Parligras, Mircea Emilian"]
[Black "Rej, Tomek"]
[Result "1-0"]
[WhiteElo "2574"]
[BlackElo "2334"]
[PlyCount "41"]
[EventDate "2010.08.09"]
[EventType "swiss"]
[EventRounds "9"]
[EventCountry "GRE"]
[SourceTitle "CBM 137 Extra"]
[Source "ChessBase"]
[SourceDate "2010.09.01"]
[SourceVersion "1"]
[SourceVersionDate "2010.09.01"]
[SourceQuality "1"]

1. Nf3 Nc6 2. d4 d5 3. c4 Bg4 4. e3 e5 5. Qb3 Bxf3 6. gxf3 exd4 7. cxd5 Bb4+ 8. Ke2 Nge7 9. dxc6 Nxc6 10. Bd2 Qd6 11. e4 0-0-0 12. Kd1 d3 13. Bxb4 Nxb4 14. Nd2 Nc2 15. Rc1 Qd4 16. Qxd3 Qxf2 17. Qxc2 Rd7 18. Qc3 Qh4 19. Kc2 Rhd8 20. Kb1 Kb8 21. Nb3 1-0

[Event "Politiken Cup 32nd"]
[Site "Copenhagen"]
[Date "2010.08.06"]
[Round "8"]
[White "Nielsen, Henning"]
[Black "Rej, Tomek"]
[Result "0-1"]
[WhiteElo "2164"]
[BlackElo "2334"]
[PlyCount "60"]
[EventDate "2010.07.31"]
[EventType "swiss"]
[EventRounds "10"]
[EventCountry "DEN"]
[SourceTitle "CBM 137 Extra"]
[Source "ChessBase"]
[SourceDate "2010.09.01"]
[SourceVersion "1"]
[SourceVersionDate "2010.09.01"]
[SourceQuality "1"]

1. e4 e5 2. Nf3 Nc6 3. Bc4 Nf6 4. Ng5 d5 5. exd5 Na5 6. Bb5+ c6 7. dxc6 bxc6 8. Bd3 Ng4 9. Nh3 Bd6 10. Qe2 f5 11. Nc3 0-0 12. b3 e4 13. Bc4+ Kh8 14. Bb2 Nxc4 15. Qxc4 a5 16. 0-0-0 Ba6 17. Qxc6 Ne5 18. Qd5 Qc7 19. Ng5 Bb7 20. Qb5 Qe7 21. h4 a4 22. Nd5 Bxd5 23. Qxd5 axb3 24. axb3 Ba3 25. Qd4 Nc6 26. Qc3 Nb4 27. Kb1 Bxb2 28. Qxb2 Ra2 29. Qxa2 Nxa2 30. Kxa2 Ra8+ 0-1

[Event "Politiken Cup 32nd"]
[Site "Copenhagen"]
[Date "2010.08.05"]
[Round "7"]
[White "Rej, Tomek"]
[Black "Andersson, Christin"]
[Result "1-0"]
[WhiteElo "2334"]
[BlackElo "2129"]
[PlyCount "97"]
[EventDate "2010.07.31"]
[EventType "swiss"]
[EventRounds "10"]
[EventCountry "DEN"]
[SourceTitle "CBM 137 Extra"]
[Source "ChessBase"]
[SourceDate "2010.09.01"]
[SourceVersion "1"]
[SourceVersionDate "2010.09.01"]
[SourceQuality "1"]

1. e4 e6 2. d4 d5 3. Nc3 Nc6 4. Nf3 Bb4 5. Bg5 f6 6. exd5 Nce7 7. Bd2 Nxd5 8. Bd3 Nge7 9. 0-0 Nxc3 10. bxc3 Bd6 11. Nh4 0-0 12. Qh5 f5 13. Rfe1 Nd5 14. Nf3 Bf4 15. Bxf4 Nxf4 16. Qg5 Qxg5 17. Nxg5 Nxd3 18. cxd3 Re8 19. d5 e5 20. f4 h6 21. Nf3 e4 22. dxe4 Rxe4 23. Rxe4 fxe4 24. Nd4 b6 25. Re1 Bb7 26. Ne6 c6 27. d6 Kf7 28. f5 Bc8 29. Rxe4 Bd7 30. Nc7 Rd8 31. Re7+ Kf6 32. g4 h5 33. h3 Bc8 34. Ne8+ Kg5 35. Rxg7+ Kf4 36. Re7 Bd7 37. Nf6 Bxf5 38. Nxh5+ Kg5 39. Re5 Rxd6 40. Rxf5+ Kh4 41. Rf3 Rd1+ 42. Kf2 Rd2+ 43. Ke3 Rxa2 44. Kf4 Ra4+ 45. Kf5 Ra5+ 46. Kf6 Rd5 47. Nf4 Rd6+ 48. Kf5 a5 49. Ng2# 1-0

[Event "Sydney op"]
[Site "Parramatta"]
[Date "2010.04.11"]
[Round "9"]
[White "Xie, George Wendi"]
[Black "Rej, Tomek"]
[Result "1-0"]
[WhiteElo "2470"]
[BlackElo "2348"]
[PlyCount "63"]
[EventDate "2010.04.07"]
[EventType "swiss"]
[EventRounds "9"]
[EventCountry "AUS"]
[SourceTitle "CBM 135 Extra"]
[Source "ChessBase"]
[SourceDate "2010.05.04"]
[SourceVersion "1"]
[SourceVersionDate "2010.05.04"]
[SourceQuality "1"]

1. d4 Nf6 2. Nf3 e6 3. Bg5 h6 4. Bh4 c5 5. e3 b6 6. Nbd2 Bb7 7. Bd3 Nc6 8. c3 Be7 9. 0-0 0-0 10. Qe2 Rc8 11. Rad1 cxd4 12. Bxf6 Bxf6 13. exd4 d5 14. Ne5 Bxe5 15. dxe5 f6 16. exf6 Qxf6 17. Bb1 Rcd8 18. f4 d4 19. Ne4 Qf7 20. a3 Qe7 21. Ng3 Qf6 22. Nh5 Qe7 23. Qd3 Rf5 24. Ng3 dxc3 25. Nxf5 Qc5+ 26. Qe3 Rxd1 27. Rxd1 c2 28. Bxc2 Qxc2 29. Qxe6+ Kh7 30. Ne3 Qe2 31. f5 Nd4 32. Rxd4 1-0

[Event "Sydney op"]
[Site "Parramatta"]
[Date "2010.04.10"]
[Round "7"]
[White "Barua, Dibyendu"]
[Black "Rej, Tomek"]
[Result "1-0"]
[WhiteElo "2479"]
[BlackElo "2348"]
[PlyCount "75"]
[EventDate "2010.04.07"]
[EventType "swiss"]
[EventRounds "9"]
[EventCountry "AUS"]
[SourceTitle "CBM 135 Extra"]
[Source "ChessBase"]
[SourceDate "2010.05.04"]
[SourceVersion "1"]
[SourceVersionDate "2010.05.04"]
[SourceQuality "1"]

1. e4 e5 2. Bc4 Nf6 3. d3 c6 4. Nf3 d5 5. Bb3 a5 6. a4 Bb4+ 7. c3 Bd6 8. exd5 cxd5 9. Bg5 Be6 10. Na3 Nc6 11. Nb5 Be7 12. 0-0 Ng4 13. Bxe7 Qxe7 14. Re1 0-0-0 15. h3 h5 16. Qd2 Rh6 17. Rac1 Rdh8 18. Kf1 Rf6 19. hxg4 hxg4 20. Ng1 g3 21. f3 Rh1 22. Ke2 e4 23. Kd1 exd3 24. Qxd3 Bf5 25. Rxe7 Bxd3 26. Re1 Rh2 27. Bc2 Bg6 28. Bxg6 Rxg6 29. Rc2 Re6 30. Nh3 Rxe1+ 31. Kxe1 Ne5 32. Nd4 f6 33. f4 Ng4 34. Re2 Rh1+ 35. Kd2 Rb1 36. Kc2 Rf1 37. Nf5 Rf2 38. Nxg3 1-0

[Event "Sydney op"]
[Site "Parramatta"]
[Date "2010.04.10"]
[Round "8"]
[White "Rej, Tomek"]
[Black "Stojic, Dusan"]
[Result "1-0"]
[WhiteElo "2348"]
[BlackElo "2192"]
[PlyCount "103"]
[EventDate "2010.04.07"]
[EventType "swiss"]
[EventRounds "9"]
[EventCountry "AUS"]
[SourceTitle "CBM 135 Extra"]
[Source "ChessBase"]
[SourceDate "2010.05.04"]
[SourceVersion "1"]
[SourceVersionDate "2010.05.04"]
[SourceQuality "1"]

1. d4 Nf6 2. c4 g6 3. Nc3 Bg7 4. e4 d6 5. f3 0-0 6. Nge2 c5 7. d5 e6 8. Ng3 exd5 9. cxd5 Na6 10. Be2 Nc7 11. 0-0 Rb8 12. a4 a6 13. f4 b5 14. axb5 axb5 15. e5 dxe5 16. d6 Ne6 17. fxe5 Nd7 18. Nxb5 Nxe5 19. Be3 f5 20. Qd5 Kh8 21. Ra7 Rf7 22. Rxf7 Nxf7 23. Ne4 Qd7 24. Nxc5 Nxc5 25. Qxc5 Ba6 26. Qc7 Rb7 27. Qxd7 Rxd7 28. Ra1 Bxb5 29. Bxb5 Rxd6 30. Ra8+ Rd8 31. Rxd8+ Nxd8 32. b4 Bc3 33. Bc4 Kg7 34. b5 Kf6 35. b6 f4 36. Bf2 Ke5 37. Ba6 Kd6 38. b7 Nc6 39. Bb5 Nb8 40. Bb6 Bd2 41. Kf2 Be3+ 42. Bxe3 fxe3+ 43. Kxe3 Kc7 44. Kf4 Kxb7 45. Kg5 Kb6 46. Be8 Na6 47. Kh6 Nc5 48. Kxh7 Ne6 49. Bxg6 Kc7 50. Bf5 Nd4 51. Kg6 Kd6 52. Kf6 1-0

[Event "Sydney op"]
[Site "Parramatta"]
[Date "2010.04.09"]
[Round "6"]
[White "Rej, Tomek"]
[Black "Castor, David"]
[Result "1-0"]
[WhiteElo "2348"]
[BlackElo "2131"]
[PlyCount "87"]
[EventDate "2010.04.07"]
[EventType "swiss"]
[EventRounds "9"]
[EventCountry "AUS"]
[SourceTitle "CBM 135 Extra"]
[Source "ChessBase"]
[SourceDate "2010.05.04"]
[SourceVersion "1"]
[SourceVersionDate "2010.05.04"]
[SourceQuality "1"]

1. d4 Nf6 2. c4 c5 3. d5 b5 4. cxb5 a6 5. b6 e6 6. Nc3 Nxd5 7. Nxd5 exd5 8. Qxd5 Nc6 9. e4 Be7 10. Bc4 0-0 11. Nf3 Rb8 12. 0-0 Rxb6 13. Qh5 d6 14. Ng5 Bxg5 15. Bxg5 Qe8 16. Rae1 Be6 17. Bd5 f6 18. Qxe8 Rxe8 19. Be3 Bxd5 20. exd5 Nb4 21. Bxc5 Rxe1 22. Bxb6 Rxf1+ 23. Kxf1 Nxd5 24. Be3 Kf7 25. Ke2 Ke6 26. Kd3 Kd7 27. Kc4 Kc6 28. b4 Nc7 29. a4 d5+ 30. Kd3 Ne6 31. g3 Nc7 32. h4 Ne8 33. Bf4 g6 34. Kd4 Ng7 35. b5+ axb5 36. axb5+ Kxb5 37. Kxd5 f5 38. Be5 Nh5 39. f3 f4 40. Bxf4 Ng7 41. g4 h5 42. Be5 Ne8 43. gxh5 gxh5 44. f4 1-0

[Event "Sydney op"]
[Site "Parramatta"]
[Date "2010.04.07"]
[Round "2"]
[White "Rej, Tomek"]
[Black "Ansell, Alan"]
[Result "1-0"]
[WhiteElo "2348"]
[BlackElo "1968"]
[PlyCount "47"]
[EventDate "2010.04.07"]
[EventType "swiss"]
[EventRounds "9"]
[EventCountry "AUS"]
[SourceTitle "CBM 135 Extra"]
[Source "ChessBase"]
[SourceDate "2010.05.04"]
[SourceVersion "1"]
[SourceVersionDate "2010.05.04"]
[SourceQuality "1"]

1. d4 Nf6 2. c4 e6 3. Nc3 Bb4 4. e3 c5 5. Bd3 d5 6. Nf3 cxd4 7. exd4 dxc4 8. Bxc4 a6 9. 0-0 b5 10. Bd3 Bb7 11. a4 bxa4 12. Qxa4+ Nc6 13. Ne5 Qb6 14. Be3 Nd5 15. Nxd5 exd5 16. Rfc1 Rc8 17. Bxa6 Ra8 18. Nxc6 Rxa6 19. Qxb4 Bxc6 20. Qxb6 Rxb6 21. Rxc6 Rb8 22. Bf4 Rd8 23. Re1+ Kf8 24. Rd6 1-0

[Event "Doeberl Cup 48th"]
[Site "Canberra"]
[Date "2010.04.02"]
[Round "3"]
[White "Kunte, Abhijit"]
[Black "Rej, Tomek"]
[Result "1/2-1/2"]
[WhiteElo "2515"]
[BlackElo "2347"]
[PlyCount "86"]
[EventDate "2010.04.01"]
[EventType "swiss"]
[EventRounds "9"]
[EventCountry "AUS"]
[SourceTitle "CBM 135 Extra"]
[Source "ChessBase"]
[SourceDate "2010.05.04"]
[SourceVersion "1"]
[SourceVersionDate "2010.05.04"]
[SourceQuality "1"]

1. d4 Nf6 2. c4 e6 3. Nf3 b6 4. g3 Ba6 5. Nbd2 b5 6. cxb5 Bxb5 7. Bg2 Be7 8. 0-0 0-0 9. Re1 d5 10. Ne5 c5 11. dxc5 Bxc5 12. Nb3 Bd6 13. a4 Be8 14. Nd3 Nc6 15. Be3 Rb8 16. Nbc5 Qe7 17. Na6 Rc8 18. Rc1 Bd7 19. Qd2 h6 20. Bc5 Nb8 21. Bxd6 Qxd6 22. Nac5 Bc6 23. b4 Nbd7 24. Nxd7 Bxd7 25. Nc5 Bc6 26. e4 Qe7 27. exd5 Rfd8 28. Ne4 Nxd5 29. b5 Bb7 30. Qd4 Nc3 31. Qe3 Bxe4 32. Bxe4 Nxa4 33. Bc6 Nb6 34. Ra1 Rc7 35. Red1 Rd6 36. Rxd6 Qxd6 37. h4 Nd5 38. Qd3 Qe5 39. Ra4 g6 40. Re4 Qc3 41. Qd1 Qc5 42. Qd2 Kg7 43. Re5 h5 1/2-1/2

[Event "Doeberl Cup 48th"]
[Site "Canberra"]
[Date "2010.04.02"]
[Round "4"]
[White "Rej, Tomek"]
[Black "Oliver, Gareth"]
[Result "1-0"]
[WhiteElo "2347"]
[BlackElo "2189"]
[PlyCount "77"]
[EventDate "2010.04.01"]
[EventType "swiss"]
[EventRounds "9"]
[EventCountry "AUS"]
[SourceTitle "CBM 135 Extra"]
[Source "ChessBase"]
[SourceDate "2010.05.04"]
[SourceVersion "1"]
[SourceVersionDate "2010.05.04"]
[SourceQuality "1"]

1. d4 Nf6 2. c4 g6 3. Nc3 Bg7 4. e4 d6 5. Nf3 0-0 6. Be2 e5 7. 0-0 Nc6 8. d5 Ne7 9. Ne1 Nd7 10. Be3 f5 11. f3 f4 12. Bf2 g5 13. Rc1 Ng6 14. c5 Nf6 15. cxd6 cxd6 16. Nb5 g4 17. Nc7 g3 18. hxg3 Nh5 19. gxf4 exf4 20. Nxa8 Ng3 21. Bxa7 Qh4 22. Nd3 b6 23. Bxb6 Ba6 24. Nc7 Rb8 25. Nxa6 Rxb6 26. Rc8+ Nf8 27. Rc4 Rxa6 28. a4 Qh1+ 29. Kf2 Qh4 30. Ke1 Nxe4+ 31. Nf2 Nxf2 32. Rxf2 Bxb2 33. Qc2 Rb6 34. Qf5 Qe7 35. Rc8 Bd4 36. Qe6+ Qxe6 37. dxe6 Bxf2+ 38. Kxf2 Rb7 39. Re8 1-0

[Event "AUS-ch"]
[Site "Sydney"]
[Date "2010.01.07"]
[Round "5"]
[White "Rej, Tomek"]
[Black "Pyke, Malcolm"]
[Result "1-0"]
[WhiteElo "2364"]
[BlackElo "2164"]
[PlyCount "61"]
[EventDate "2010.01.02"]
[EventType "swiss"]
[EventRounds "11"]
[EventCountry "AUS"]
[SourceTitle "CBM 134 Extra"]
[Source "ChessBase"]
[SourceDate "2010.03.03"]
[SourceVersion "1"]
[SourceVersionDate "2010.03.03"]
[SourceQuality "1"]

1. d4 Nf6 2. c4 e6 3. Nc3 Bb4 4. e3 0-0 5. Bd3 c5 6. Nf3 Nc6 7. 0-0 b6 8. d5 Na5 9. Ne4 exd5 10. Nxf6+ Qxf6 11. a3 dxc4 12. Be4 Rb8 13. axb4 cxb4 14. Qc2 h6 15. Bd2 Qe7 16. Bd5 Ba6 17. Rfd1 Rfc8 18. Qf5 Bb7 19. Bxb4 Qxb4 20. Bxf7+ Kh8 21. Ng5 Be4 22. Nxe4 Rc6 23. Qe5 Rbc8 24. Rxd7 c3 25. bxc3 Qb2 26. Rad1 Qe2 27. Rd8+ Rxd8 28. Rxd8+ Kh7 29. Rh8+ Kxh8 30. Qe8+ Kh7 31. Qg8# 1-0

[Event "AUS-ch"]
[Site "Sydney"]
[Date "2010.01.02"]
[Round "1"]
[White "Rej, Tomek"]
[Black "Lazarus, Benjamin"]
[Result "1-0"]
[WhiteElo "2364"]
[BlackElo "2162"]
[PlyCount "155"]
[EventDate "2010.01.02"]
[EventType "swiss"]
[EventRounds "11"]
[EventCountry "AUS"]
[SourceTitle "CBM 134 Extra"]
[Source "ChessBase"]
[SourceDate "2010.03.03"]
[SourceVersion "1"]
[SourceVersionDate "2010.03.03"]
[SourceQuality "1"]

1. d4 Nf6 2. c4 g6 3. Nc3 Bg7 4. e4 d6 5. Nf3 0-0 6. Be2 e5 7. 0-0 Nc6 8. d5 Ne7 9. b4 Nh5 10. Re1 f5 11. c5 fxe4 12. Ng5 Nf4 13. Ngxe4 Nf5 14. Bf1 Nd4 15. Be3 Bf5 16. Rc1 Kh8 17. cxd6 cxd6 18. Ng3 Qh4 19. f3 Rac8 20. Bf2 Qd8 21. Kh1 h5 22. Nxf5 gxf5 23. g3 Rxc3 24. Rxc3 Nxd5 25. Rc1 f4 26. Bh3 Nxb4 27. Bxd4 exd4 28. Qb3 Na6 29. Qd5 Qf6 30. Rc8 fxg3 31. Rxf8+ Bxf8 32. Qxh5+ Qh6 33. Qf7 Nc7 34. Re2 d3 35. Rg2 d2 36. Rxd2 Bg7 37. Qxc7 Qxh3 38. Rg2 Be5 39. Qb8+ Kg7 40. Qxb7+ Kf6 41. f4 Bxf4 42. Qb3 Kg5 43. Kg1 Qf5 44. Qd1 Kf6 45. Qd4+ Ke6 46. hxg3 Qb1+ 47. Kf2 Be5 48. Qc4+ Kf6 49. Kf3 Qd1+ 50. Qe2 Qh1 51. Ke3 Qc1+ 52. Qd2 Qc5+ 53. Ke2 Qc4+ 54. Qd3 Qxa2+ 55. Kf3 Qg8 56. g4 Qh8 57. Ke2 Kg5 58. Qf5+ Kh4 59. Qf2+ Kg5 60. Qf5+ Kh4 61. Rg1 Bh2 62. Rh1 Qb2+ 63. Kf1 Kg3 64. Qd3+ Kxg4 65. Qe4+ Kg3 66. Qg6+ Kf3 67. Qh5+ Kg3 68. Qg6+ Kf3 69. Qd3+ Kg4 70. Qd1+ Kg5 71. Qf3 Qc1+ 72. Kg2 Qd2+ 73. Kh3 Bf4 74. Rg1+ Kf6 75. Kg4 Ke5 76. Rg2 Qd4 77. Re2+ Be3+ 78. Kh3 1-0

[Event "Oceania zt"]
[Site "Gold Coast"]
[Date "2009.06.20"]
[Round "1"]
[White "Canfell, Mike J"]
[Black "Rej, Tomek"]
[Result "0-1"]
[WhiteElo "1932"]
[BlackElo "2308"]
[PlyCount "60"]
[EventDate "2009.06.20"]
[EventType "swiss"]
[EventRounds "9"]
[EventCountry "AUS"]
[SourceTitle "CBM 130 Extra"]
[Source "ChessBase"]
[SourceDate "2009.07.02"]
[SourceVersion "2"]
[SourceVersionDate "2009.07.15"]
[SourceQuality "1"]

1. e4 c5 2. Nf3 Nc6 3. d4 cxd4 4. Nxd4 Nf6 5. Nc3 e5 6. Ndb5 d6 7. Bg5 a6 8. Na3 b5 9. Nd5 Be7 10. Bxf6 Bxf6 11. c3 0-0 12. Nc2 Bg5 13. a4 bxa4 14. Rxa4 a5 15. Bc4 Rb8 16. b3 Kh8 17. Nce3 g6 18. 0-0 f5 19. Qd3 f4 20. Nc2 h5 21. Rd1 Rb7 22. b4 f3 23. g3 h4 24. b5 hxg3 25. hxg3 Rh7 26. bxc6 Bh3 27. Nde3 Qc8 28. Ne1 Bxe3 29. Qxd6 Rh5 30. Qxg6 Rh6 0-1

[Event "Sydney op-A"]
[Site "Parramatta"]
[Date "2009.04.17"]
[Round "6"]
[White "Rej, Tomek"]
[Black "Nakauchi, Gene"]
[Result "1-0"]
[WhiteElo "2308"]
[BlackElo "2076"]
[PlyCount "127"]
[EventDate "2009.04.15"]
[EventType "swiss"]
[EventRounds "9"]
[EventCountry "AUS"]
[SourceTitle "CBM 129 Extra"]
[Source "ChessBase"]
[SourceDate "2009.05.05"]
[SourceVersion "2"]
[SourceVersionDate "2009.05.20"]
[SourceQuality "1"]

1. d4 Nf6 2. c4 c5 3. d5 e6 4. Nc3 exd5 5. cxd5 d6 6. e4 g6 7. Nf3 a6 8. a4 Bg4 9. Be2 Bxf3 10. Bxf3 Bg7 11. 0-0 0-0 12. Bf4 Qc7 13. Rc1 Nbd7 14. Qd2 Rfe8 15. Rfe1 Rac8 16. h3 c4 17. b4 h5 18. Be3 Ne5 19. Be2 Nh7 20. a5 Nd3 21. Bxd3 cxd3 22. Na4 Qe7 23. Rxc8 Rxc8 24. Qxd3 Qe8 25. Nb6 Rc3 26. Qb1 Ra3 27. Qc2 Rc3 28. Qd2 Qb5 29. Qe2 Qxe2 30. Rxe2 Rb3 31. Rc2 Nf6 32. Rc4 h4 33. Bg5 Rb1+ 34. Kh2 Re1 35. Bxh4 Rxe4 36. Bxf6 Rxc4 37. Nxc4 Bxf6 38. Ne3 Bc3 39. Nc2 Kg7 40. Kg3 f5 41. Kf3 Kf6 42. Ke3 Ke5 43. Kd3 Bb2 44. Kc4 f4 45. f3 Bc1 46. Nd4 Be3 47. Ne6 b5+ 48. axb6 Bxb6 49. Nf8 Kf5 50. Nd7 Bc7 51. b5 axb5+ 52. Kxb5 Bd8 53. Kc6 Be7 54. Nb6 Kg5 55. Nc8 Bf8 56. Nxd6 Kh4 57. Ne4 g5 58. d6 Kh5 59. d7 Be7 60. Kc7 Kh4 61. d8Q Bxd8+ 62. Kxd8 g4 63. fxg4 f3 64. gxf3 1-0

[Event "Sydney op-A"]
[Site "Parramatta"]
[Date "2009.04.16"]
[Round "3"]
[White "Johansen, Darryl Keith"]
[Black "Rej, Tomek"]
[Result "1-0"]
[WhiteElo "2452"]
[BlackElo "2308"]
[PlyCount "103"]
[EventDate "2009.04.15"]
[EventType "swiss"]
[EventRounds "9"]
[EventCountry "AUS"]
[SourceTitle "CBM 129 Extra"]
[Source "ChessBase"]
[SourceDate "2009.05.05"]
[SourceVersion "2"]
[SourceVersionDate "2009.05.20"]
[SourceQuality "1"]

1. Nf3 c5 2. c4 Nc6 3. d4 cxd4 4. Nxd4 g6 5. e4 Bg7 6. Nc2 Qa5+ 7. Bd2 Qb6 8. Nc3 Qxb2 9. Rb1 Bxc3 10. Rxb2 Bxb2 11. Ne3 Nf6 12. Qb1 Bd4 13. Be2 d6 14. Nd5 0-0 15. 0-0 Nd7 16. Bg5 f6 17. Bh6 Rf7 18. Kh1 Nc5 19. Nc7 Rb8 20. Nb5 f5 21. exf5 Bxf5 22. Qd1 Bg7 23. Be3 a6 24. Nc7 e6 25. g4 Bc2 26. Qxc2 Rxc7 27. Rd1 Rd8 28. f4 Nb4 29. Qb1 a5 30. a3 Nba6 31. Bf3 Rf7 32. Qb6 Rdd7 33. Kg2 g5 34. fxg5 Bc3 35. Bxc5 Nxc5 36. Rxd6 Na4 37. Qa7 Be5 38. Rxd7 Rxd7 39. Qxa5 b5 40. Qxb5 Rd2+ 41. Kf1 Bd4 42. Qe8+ Kg7 43. Qe7+ Kg8 44. Qxe6+ Kf8 45. Qd6+ Kf7 46. Bd5+ Ke8 47. Bc6+ Kf7 48. Qd7+ Kg6 49. Be4+ Kxg5 50. Qf5+ Kh6 51. Qxh7+ Kg5 52. Qf5+ 1-0